<?xml version="1.0" encoding="UTF-8"?>
<record
    xmlns:xsi="http://www.w3.org/2001/XMLSchema-instance"
    xsi:schemaLocation="http://www.loc.gov/MARC21/slim http://www.loc.gov/standards/marcxml/schema/MARC21slim.xsd"
    xmlns="http://www.loc.gov/MARC21/slim">

  <leader>02018nam a22001577a 4500</leader>
  <datafield tag="020" ind1=" " ind2=" ">
    <subfield code="a">978-81-8465-649-7</subfield>
  </datafield>
  <datafield tag="041" ind1=" " ind2=" ">
    <subfield code="a">English</subfield>
  </datafield>
  <datafield tag="082" ind1=" " ind2=" ">
    <subfield code="a">305.608097 EDW</subfield>
  </datafield>
  <datafield tag="100" ind1=" " ind2=" ">
    <subfield code="a">Edwin SJ, Joseph Victor</subfield>
  </datafield>
  <datafield tag="245" ind1=" " ind2=" ">
    <subfield code="a">Seeking Communion: A Collection of Conversations</subfield>
  </datafield>
  <datafield tag="260" ind1=" " ind2=" ">
    <subfield code="a">Hyderabad</subfield>
    <subfield code="b">Henry Martyn Institute and ISPCSK, Delhi</subfield>
    <subfield code="c">2018</subfield>
  </datafield>
  <datafield tag="300" ind1=" " ind2=" ">
    <subfield code="a">181</subfield>
  </datafield>
  <datafield tag="500" ind1=" " ind2=" ">
    <subfield code="a">Qur'an upholds Plurality as the Will of God: Irfan A. Omar
Qur'an Affirms Plurality and Dialogue: Yusuf Jha
Islam is the Middle Way: Sultan Shahin
The Essence of Islam: Love, Compassion and Justice: Akhtarul Wasey
Encouraging Independent Thinking in Madrasas: Waris Mazhari
Foundations of Dialogue: Obedience to Truth and Respect for Others: Christian W. Troll
Dialogue at the Service of the Homeless and the Poor: Marc Rastoin
Fundamentalism Glorifies Religion and Discredits Faith: Laurent Basanese
Embracing Religious Diversity as a Disciple of Christ: Philip Lewis
Building Bridges and Connecting Peoples: David Marshall
Moving from Hermeneutics of Hostility to Hermeneutics of Generosity: Leo D. Lefebure
Essential Ingredients of Dialogue: Trust, Respect and Openness: Lloyd Allen
Without the Other I cannot be fully Human: Ben Bowler
Loving and Engaging Muslims, not Fearing them: Antoine Audo
Christians and Muslims Growing Together: Michael D. Linden
Building up a Shared Heritage for both Christians and Muslims: Salah Abou-Jaoude
A Common Word as Joint Struggle for a Better World: David M. Neuhaus
Interfaith Relations in Lebanon: Ancient, Tragic, Diverse, but Hopeful
Middle Eastern Christians: A True Bridge Between the West and Islam: Marta Wozniak-Bobinska
Dialogue at the Service of Human Rights: Franz Magnis-Suseno
To be Religious is to be Irreligious: Heru Prakosa
Promoting a Culture of Dialogue: T.K. John
Taking Dialogue Seriously: Packiam T. Samuel
The Challenge of Being in Dialogue with Others: James Channan
Living Together, in Truth and Without Violence: Herman Roborgh</subfield>
  </datafield>
  <datafield tag="650" ind1=" " ind2=" ">
    <subfield code="a">Christian-Muslim Relations</subfield>
  </datafield>
  <datafield tag="942" ind1=" " ind2=" ">
    <subfield code="c">BK</subfield>
  </datafield>
  <datafield tag="952" ind1=" " ind2=" ">
    <subfield code="0">0</subfield>
    <subfield code="1">0</subfield>
    <subfield code="4">0</subfield>
    <subfield code="7">0</subfield>
    <subfield code="a">HMI</subfield>
    <subfield code="b">HMI</subfield>
    <subfield code="c">GEN</subfield>
    <subfield code="d">2018-05-18</subfield>
    <subfield code="e">Diector</subfield>
    <subfield code="g">250.00</subfield>
    <subfield code="l">0</subfield>
    <subfield code="o">305.608097 EDW</subfield>
    <subfield code="p">11-3663</subfield>
    <subfield code="r">2018-08-24</subfield>
    <subfield code="w">2018-08-24</subfield>
    <subfield code="y">BK</subfield>
  </datafield>
  <datafield tag="952" ind1=" " ind2=" ">
    <subfield code="0">0</subfield>
    <subfield code="1">0</subfield>
    <subfield code="4">0</subfield>
    <subfield code="7">0</subfield>
    <subfield code="a">HMI</subfield>
    <subfield code="b">HMI</subfield>
    <subfield code="c">GEN</subfield>
    <subfield code="d">2019-07-23</subfield>
    <subfield code="g">250.00</subfield>
    <subfield code="l">0</subfield>
    <subfield code="o">305.608097 EDW</subfield>
    <subfield code="p">11-4073</subfield>
    <subfield code="r">2019-07-23</subfield>
    <subfield code="w">2019-07-23</subfield>
    <subfield code="y">BK</subfield>
  </datafield>
  <datafield tag="999" ind1=" " ind2=" ">
    <subfield code="c">20973</subfield>
    <subfield code="d">20973</subfield>
  </datafield>
</record>
